Central Library OPAC University of Rajshahi

আল্লাহ, রাসুল ও রিসালাত : দীনের মৌ্লিক ভিত্তিসমুহের উপর সংক্ষিপ্ত আলোচনা / (Record no. 74070)

MARC details
000 -LEADER
fixed length control field 00880nam a2200217 a 4500
001 - CONTROL NUMBER
control field 74070
003 - CONTROL NUMBER IDENTIFIER
rucl marc code BD-RjUL
005 - DATE AND TIME OF LATEST TRANSACTION
control field 20211209082504.0
008 - FIXED-LENGTH DATA ELEMENTS--GENERAL INFORMATION
fixed length control field 180212s2004 bg ||||| |||| 000 0 ben d
020 ## - INTERNATIONAL STANDARD BOOK NUMBER
Terms of availability Tk. 70.00
035 ## - SYSTEM CONTROL NUMBER
System control number (BD-RjUL)74288
040 ## - CATALOGING SOURCE
Original cataloging agency BD-RjUL
Language of cataloging eng
Transcribing agency BD-RjUL
041 ## - LANGUAGE CODE
Language code of text/sound track or separate title ben
082 ## - DEWEY DECIMAL CLASSIFICATION NUMBER
Edition number 23
Classification number 297
Author mark and year SAA 2004
100 ## - MAIN ENTRY--PERSONAL NAME
Personal name সাদর, সাইয়্যেদ মুহাম্মদ বাকের
9 (RLIN) 220151
245 10 - TITLE STATEMENT
Title আল্লাহ, রাসুল ও রিসালাত : দীনের মৌ্লিক ভিত্তিসমুহের উপর সংক্ষিপ্ত আলোচনা /
Statement of responsibility, etc. সাইয়্যেদ মুহাম্মদ বাকের সাদর,
300 ## - PHYSICAL DESCRIPTION
Pagination ১১০ পৃ. ;
Size ২২ সেমি.
650 ## - SUBJECT ADDED ENTRY--TOPICAL TERM
Topical term or geographic name as entry element ইসলাম
9 (RLIN) 220152
Topical term or geographic name as entry element Islam
9 (RLIN) 220153
942 ## - ADDED ENTRY ELEMENTS (KOHA)
Source of classification or shelving scheme Dewey Decimal Classification
Koha item type Books
Holdings
Lost status Source of classification or shelving scheme Damaged status Not for loan Collection code Permanent Location Current Location Shelving location Date acquired Source of acquisition Cost, normal purchase price Total Checkouts Full call number Date last seen Copy number Koha item type
  Dewey Decimal Classification   Not For Loan Non-fiction Central Library, University of Rajshahi Central Library, University of Rajshahi Reading Room 14/05/2017 Iran Embassy , Dhaka 70.00   B 297 SAA 2004 12/02/2018 C-1 Books